000 00643nam a2200193 i 4500
001 99298
003 ES-MaACL
005 20260301184635.0
007 t|
008 050906s1958 sp ||||1| spa d
100 1 _aMartín de Argenta, Rodolfo.
_977445
245 1 0 _aTécnica de la anestesia general /
_cRodolfo Martín de Argenta; prólogo por el Profesor D. Alfonso de la Fuente Chaos.
260 _aMadrid :
_bPaz Montalvo,
_c1958.
300 _a696 p. :
_bil. ;
_c25 cm.
650 0 4 _aAnestesia.
_99822
700 1 _aFuente Chaos, Alfonso de la,
_d1908-1988
_952864
852 _aES-MaACL
_jC-14578
_bR.42564
999 _c99298
_d99298